|
|
|
|
| LEADER |
00865nam a2200241 a 4500 |
| 001 |
4716667 |
| 008 |
090504s1984 ilua b 001 0 eng d |
| 010 |
|
|
|a 83063542
|
| 020 |
|
|
|a 087581302X
|
| 040 |
|
|
|a DLC
|c DLC
|d DLC
|
| 082 |
0 |
0 |
|a 361.3
|2 19
|
| 100 |
1 |
|
|a Shulman, Lawrence.
|
| 245 |
1 |
4 |
|a The skills of helping :
|b individuals and groups/
|c Lawrence Shulman.
|
| 250 |
|
|
|a 2nd ed.
|
| 260 |
|
|
|a Itasca,:
|b F.E.Peacock Publishers,
|c c1984.
|
| 300 |
|
|
|a xvii, 432 p. :
|b ill.;
|c 25 cm.
|
| 504 |
|
|
|a Bibliography: p. 419-423.
|
| 504 |
|
|
|a Includes indexes.
|
| 541 |
1 |
|
|e 00004904
|
| 650 |
|
0 |
|a Social work education.
|
| 852 |
4 |
|
|a Ayesha Abed Library
|j General Shelf.
|
| 999 |
|
|
|c 8808
|d 8808
|
| 952 |
|
|
|0 0
|1 0
|2 ddc
|4 0
|6 361_300000000000000_SHU_1984
|7 0
|9 10682
|a BRACUL
|b BRACUL
|c GEN
|d 2010-06-06
|g 0.00
|l 0
|o 361.3 SHU
|p 3010004904
|r 2010-06-06
|t 1
|w 2010-06-06
|y BK
|z Not price in Register
|